LEADER 01471nam0 22002773i 450 001 SUN0099237 005 20140929015247.570 010 $a88-14-13168-6$d0.00 100 $a20140929d2006 |0itac50 ba 101 $aita 102 $aIT 105 $a|||| ||||| 200 1 $aˆL'‰indipendenza dello Stato e delle confessioni religiose$econtributo allo studio del principio di distinzione degli ordini nell'ordinamento italiano$fJlia Pasquali Cerioli 210 $aMilano$cA. Giuffrè$d2006 215 $aVII, 205 p.$d25 cm. 410 1$1001SUN0005027$12001 $aPubblicazioni di diritto ecclesiastico$fUniversità degli studi di Milano, Facoltà di giurisprudenza$v21$1210 $aMilano$cGiuffrè. 606 $aChiesa e Stato$xItalia$2SG$3SUNC030100 620 $dMilano$3SUNL000284 700 1$aPasquali Cerioli$b, Jlia$3SUNV078057$0502770 712 $aGiuffrè$3SUNV001757$4650 801 $aIT$bSOL$c20181231$gRICA 856 4 $uhttp://books.google.it/books?id=J9Uhgi4Sg4cC&pg=PA162&lpg=PA162&dq=L%27*indipendenza+dello+Stato+e+delle+confessioni+religiose+:+contributo+allo+studio+del+principio+di+distinzione+degli+ordini+nell%27ordinamento+italiano+/+Jlia+Pasquali+Ce 912 $aSUN0099237 950 $aUFFICIO DI BIBLIOTECA DEL DIPARTIMENTO DI GIURISPRUDENZA$d00CONS XII.Ef.44 $e00DG 2811 20140929 996 $aIndipendenza dello stato e delle confessioni religiose$91029947 997 $aUNICAMPANIA LEADER 04701nam 22007694a 450 001 9910457579403321 005 20200520144314.0 010 $a0-520-93914-X 010 $a9786612771996 010 $a1-282-77199-X 010 $a1-4337-0136-7 024 7 $a10.1525/9780520939141 035 $a(CKB)1000000000354365 035 $a(EBL)284432 035 $a(OCoLC)181845401 035 $a(SSID)ssj0000284100 035 $a(PQKBManifestationID)11236350 035 $a(PQKBTitleCode)TC0000284100 035 $a(PQKBWorkID)10261074 035 $a(PQKB)10400236 035 $a(StDuBDS)EDZ0000084799 035 $a(MiAaPQ)EBC284432 035 $a(OCoLC)568026824 035 $a(MdBmJHUP)muse30777 035 $a(DE-B1597)518701 035 $a(OCoLC)1110709247 035 $a(DE-B1597)9780520939141 035 $a(Au-PeEL)EBL284432 035 $a(CaPaEBR)ebr10170972 035 $a(CaONFJC)MIL277199 035 $a(EXLCZ)991000000000354365 100 $a20060404d2007 ub 0 101 0 $aeng 135 $aur|n|---||||| 181 $ctxt 182 $cc 183 $acr 200 00$aSexual inequalities and social justice$b[electronic resource] /$fedited by Niels Teunis and Gilbert Herdt ; with a foreword by Richard Parker 210 $aBerkeley $cUniversity of California Press$d2007 215 $a1 online resource (282 p.) 300 $aDescription based upon print version of record. 311 $a0-520-24614-4 311 $a0-520-24615-2 320 $aIncludes bibliographical references and index. 327 $aIntroduction : the analysis of sexual inequality / Niels Teunis and Gilbert Herdt -- Childhood sexual abuse and HIV among Latino gay men : the price of sexual silence during the AIDS epidemic / Sonya Grant Arreola -- In our own backyard : HIV/AIDS stigmatization in the Latino gay community / Rafael M. Di?az -- Knowing girls : gender and learning in school-based sexuality education / Jessica Fields -- Sexual enslavement and reproductive health : narratives of Han among Korean comfort women survivors / Chunghee Sarah Soh -- Where does oppression end and pleasure begin? : confronting sexual and gender inequality in HIV prevention work / He?ctor Carrillo -- Circuit culture : ethnographic reflections on inequality, sexuality, and life on the gay party circuit / Christopher Carrington -- Confesiones de mujer : the Catholic Church and sacred morality in the sex lives of Mexican immigrant women / Gloria Gonza?lez-Lo?pez -- Disability and sexuality : toward a constructionist focus on access and the inclusion of disabled people in the sexual rights movement / Russell P. Shuttleworth -- The family-friends of older gay men and lesbians / Brian de Vries and Patrick Hoctel -- Sexual inequality, youth empowerment, and the GSA : a community study in California / Gilbert Herdt ... [et al.]. 330 $aThis pioneering collection of ten ethnographically rich essays signals the emergence of a new paradigm of social analysis committed to understanding and analyzing social oppression in the context of sexuality and gender. The contributors, an interdisciplinary group of social scientists representing anthropology, sociology, public health, and psychology, illuminate the role of sexuality in producing and reproducing inequality, difference, and structural violence among a range of populations in various geographic, historical, and cultural arenas. In particular, the essays consider racial minorities including Hispanics, Koreans, and African Americans; discuss disabled people; examine issues including substance abuse, sexual coercion, and HIV/AIDS; and delve into other topics including religion and politics. Rather than emphasizing sexuality as an individual trait, the essays view it as a social phenomenon, focusing in particular on cultural meaning and real-world processes of inequality such as racism and homophobia. The authors address the complex and challenging question of how the research under discussion here can make a real contribution to the struggle for social justice. 606 $aSex 606 $aEquality 606 $aSocial justice 606 $aSocial action 606 $aEthnicity 608 $aElectronic books. 615 0$aSex. 615 0$aEquality. 615 0$aSocial justice. 615 0$aSocial action. 615 0$aEthnicity. 676 $a306.7086/94 701 $aTeunis$b Niels$01039340 701 $aHerdt$b Gilbert H.$f1949-$0327299 801 0$bMiAaPQ 801 1$bMiAaPQ 801 2$bMiAaPQ 906 $aBOOK 912 $a9910457579403321 996 $aSexual inequalities and social justice$92461492 997 $aUNINA LEADER 05515nam 2200685 450 001 9910792279303321 005 20200520144314.0 010 $a1-118-93920-4 010 $a1-118-93923-9 010 $a1-118-93921-2 035 $a(CKB)2560000000147976 035 $a(EBL)1666531 035 $a(SSID)ssj0001181677 035 $a(PQKBManifestationID)11760572 035 $a(PQKBTitleCode)TC0001181677 035 $a(PQKBWorkID)11145557 035 $a(PQKB)10947795 035 $a(OCoLC)876513013 035 $a(MiAaPQ)EBC1666531 035 $a(Au-PeEL)EBL1666531 035 $a(CaPaEBR)ebr10860977 035 $a(CaONFJC)MIL620511 035 $a(PPN)196534623 035 $a(EXLCZ)992560000000147976 100 $a20140502h20142014 uy 0 101 0 $aeng 135 $aur|n|---||||| 181 $ctxt 182 $cc 183 $acr 200 00$aNon-halogenated flame retardant handbook /$fedited by Alexander B. Morgan, Charles A. Wilkie ; cover design by Russell Richardson ; Dr. Gu?nter Beyer [and twelve others], contributors 210 1$aHoboken, New Jersey :$cScrivener Publishing :$cWiley,$d2014. 210 4$d©2014 215 $a1 online resource (440 p.) 300 $aDescription based upon print version of record. 311 $a1-118-68624-1 320 $aIncludes bibliographical references and index. 327 $aCover; Tittle Page; Copyright Page; Contents; Preface; List of Contributors; 1 The History and Future Trends of Non-halogenated Flame Retarded Polymers; 1.1 Introduction; 1.1.1 Why Non-Halogenated Flame Retardants?; 1.2 Key Flame Retardancy Safety Requirements; 1.3 Geographical Trends; 1.4 Applications for Non-halogenated FRP's; References; 2 Phosphorus-based FRs; 2.1 Introduction; 2.2 Main Classes of Phosphorus-based FRs; 2.3 Polyolefins; 2.4 Polycarbonate and Its Blends; 2.5 Polyphenylene Ether Blends; 2.6 Polyesters and Polyamides 327 $a2.7 Thermoplastic Elastomers (TPE) and Thermoplastic Polyurethanes (TPU)2.8 Epoxy Resins; 2.9 Unsaturated Polyesters; 2.10 PU Foams; 2.11 Textiles; 2.12 Conclusions and Further Trends; References; 3 Mineral Filler Flame Retardants; 3.1 Introduction; 3.2 Industrial Importance of Mineral Flame Retardants; 3.2.1 Market Share of Mineral FRs; 3.2.2 Synthetic Mineral FRs Within the Industrial Chemical Process Chain; 3.2.3 Natural Mineral FRs; 3.3 Overview of Mineral Filler FRs; 3.3.1 Mineral Filler Flame Retardants by Chemistry; 3.3.2 Classification by Production Process 327 $a3.3.2.1 Crushing and Grinding3.3.2.2 Air Classification; 3.3.2.3 Precipitation and Their Synthetic Processes; 3.3.2.4 Surface Treatment; 3.3.3 Physical Characterisation of Mineral FRs; 3.3.3.1 Particle Shape/Morphology/ Aspect Ratio; 3.3.3.2 Particle Size Distribution; 3.3.3.3 Sieve Residue; 3.3.3.4 BET Surface Area; 3.3.3.5 Oil Absorption; 3.3.3.6 pH-value/Specific Conductivity; 3.3.3.7 Bulk Density and Powder Flowability; 3.3.3.8 Thermal Stability/Loss on Ignition/Endothermic Heat; 3.3.4 General Impact of Mineral FRs on Polymer Material Properties; 3.3.4.1 Optical Properties 327 $a3.3.4.2 Mechanical Properties3.3.4.3 Water Uptake and Chemical Resistance; 3.3.4.4 Thermal Properties; 3.3.4.5 Electrical Properties; 3.3.4.6 Rheological Properties; 3.4 Working Principle of Hydrated Mineral Flame Retardants; 3.4.1 Filler Loading, Flammability and Flame Propagation; 3.4.2 Smoke Suppression; 3.4.3 Heat Release; 3.5 Thermoplastic and Elastomeric Applications; 3.5.1 Compounding Technology; 3.5.2 Compound Formulation Principals; 3.5.3 Wire & Cable; 3.5.4 Other Construction Products; 3.5.5 Special Applications; 3.5.6 Engineering Plastics for E&E Applications 327 $a3.6 Reactive Resins/Thermoset Applications3.6.1 Production Processes for Glass Fibre Reinforced Polymer Composite; 3.6.1.1 Paste Production; 3.6.1.2 Hand Lamination/Hand-lay-up; 3.6.1.3 SMC and BMC; 3.6.1.4 Pultrusion; 3.6.1.5 RTM/RIM; 3.6.2 Formulation Principles; 3.6.3 Public Transport Applications of GFRP; 3.6.4 E & E Applications; 3.6.5 Construction and Industrial Applications; 3.7 Summary, Trends and Challenges; References; 4 Nitrogen-based Flame Retardants; 4.1 Introduction; 4.2 Main Types of Nitrogen-based Flame Retardants; 4.3 Ammonia-based Flame Retardants 327 $a4.3.1 Ammonium Polyphosphate 330 $a Due to the emphasis on replacing halogenated flame retardants with alternate technologies, this handbook contains in one place all of the current commercial non-halogenated flame retardant technologies, as well as experimental systems near commercialization. This book focuses on non-halogenated flame retardants in a holistic but practical manner. It starts with an overview of the regulations and customer perceptions driving non-halogenated flame retardant selection over older halogenated technologies. It then moves into separate chapters covering the known major classes of non-halo 606 $aFireproofing agents$vHandbooks, manuals, etc 606 $aFire resistant plastics$vHandbooks, manuals, etc 615 0$aFireproofing agents 615 0$aFire resistant plastics 676 $a628.9/223 702 $aMorgan$b Alexander B. 702 $aWilkie$b Charles A.$f1941- 702 $aRichardson$b Russell 702 $aBeyer$b Gu?nter 801 0$bMiAaPQ 801 1$bMiAaPQ 801 2$bMiAaPQ 906 $aBOOK 912 $a9910792279303321 996 $aNon-halogenated flame retardant handbook$93851746 997 $aUNINA